000 00546pab a2200205 454500
008 180718b2007 xxu||||| |||| 00| 0 eng d
100 _aKapadia-Kunda, Nandita et al.
245 _aWhose mistake? Gender roles and physical violence among young married women
260 _c2007
300 _ap.71-78.
362 _a3 Nov
650 _aWomens studies
650 _aYouth
650 _aViolence
650 _aWomen - Crimes against
650 _aMarried women
773 _aEconomic and Political Weekly
908 _aN
909 _a76448
999 _c76448
_d76448